Normal view
MARC view
- Luna Traill, Elizabeth
Entry Nombre Personal
001 - NUMERO DE CONTROL
- campo de control: 45985
003 - IDENTIFICADOR DE NUMERO DE CONTROL
- campo de control: DLC
005 - FECHA Y HORA DE LA ÜLTIMA TRANSACCIÓN
- campo de control: 20220831121427.0
008 - DATOS DE LONGITUD FIJA
- campo de control de longitud fija: 811005n| acannaabn |a aaa d
010 ## - NÚMERO DE CONTROL DE LA BIBLIOTECA DEL CONGRESO
- Número de control LC: n 81110058
035 ## - NUMERO DE CONTROL
- Número de control: (OCoLC)oca00655101
040 ## - FUENTE DE CATALOGACIÓN
- Agencia original de catalogación: TxU
- Lenguaje de catalogación: spa
- Agencia de transcripción: DLC
- Agencia que lo modifica: DLC
- Agencia que lo modifica: OCoLC
- Agencia que lo modifica: MX-MxUPN
100 1# - ENCABEZAMIENTO - NOMBRE PERSONAL
- Nombre personal: Luna Traill, Elizabeth
400 1# - VEÁSE - NOMBRE DE PERSONA
- Personal name: Luna, Elizabeth
670 ## - FUENTE EN LA QUE SE LOCALIZARON DATOS
- Cita de la fuente: Sintaxis de los verboides en el habla culta de la Ciudad de México, 1980:
- Información localizada: portada (Elizabeth Luna Traill) p. 237 (bibl.: Luna Traill, Elizabeth)
670 ## - FUENTE EN LA QUE SE LOCALIZARON DATOS
- Cita de la fuente: El infinitivo en el español hablado en la Ciudad de México, 1989:
- Información localizada: portada (Elizabeth Luna Traill) p. 115 (Elizabeth Luna)
902 ## - CATALOGADOR
- Catalogador: VRC/310822
